| 000 | 00760nac a22002531u 4500 | ||
|---|---|---|---|
| 003 | EG-ScBUE | ||
| 005 | 20220811125753.0 | ||
| 008 | 200219s1929 enk f 000 1 eng d | ||
| 040 |
_aEG-ScBUE _beng _erda _cEG-ScBUE _dEG-ScBUE |
||
| 082 | 0 | 4 |
_a813.912 _bDEE _222 |
| 100 | 1 |
_aDeeping, Warwick, _d1877-1950, _eauthor. |
|
| 245 | 1 | 0 |
_aRoper's row / _cWarwick Deeping. |
| 264 | 1 |
_aLondon : _bCassell & Co., _c1929. |
|
| 300 |
_a423 pages : _c20 cm |
||
| 336 |
_2rdacontent _atext _btxt |
||
| 337 |
_2rdamedia _aunmediated _bn |
||
| 338 |
_2rdacarrier _avolume _bnc |
||
| 650 | 7 |
_aEnglish Fiction _y20th century. _2BUEsh |
|
| 651 | _2BUEsh | ||
| 653 | _bHHUUEENN | ||
| 655 |
_vReading book _934232 |
||
| 942 |
_cBB _2ddc |
||
| 999 |
_c1677 _d1677 |
||